Acronymes - 4 lettres - G - Statistiques

Statistiques générales
  • Ce quiz a été pris 39 fois
  • Le résultat moyen est 8 sur 31
Statistiques - réponses
HINT ANSWER % Correct
GIEC Groupe
100%
GIGN Groupe
100%
Nationale
86%
Intervention
81%
Gendarmerie
73%
GAEC Groupement
51%
Agricole
41%
Climat
38%
Française
30%
GPRF Gouvernement
27%
République
27%
Commune
22%
Exploitation
19%
GATT General
19%
Provisoire
16%
Tariffs
11%
Trade
11%
Agreement
8%
GPEC Gestion
8%
Compétences
5%
Emplois
5%
Intergouvernemental
5%
Prévisionnelle
5%
Evolution
3%
GUAM Georgia
3%
Azerbaijan
0%
GUID Globally
0%
Identifier
0%
Moldovia
0%
Ukraine
0%
Unique
0%
Aucun quiz correspondant
Distribution des résultats
% des personnes avec chaque résultat
Percentile par nombre de réponses
Votre historique - résultats
Vous n’avez pas pris ce quiz